000 02381cam a22005654i 4500
003 PE-LiUPU
005 20250731180151.0
008 150706s2002 a rb 000 0 spa d
020 _a9788420531809
035 _a(Sirsi) i9788420531809
040 _aPE-LiUPU
_bspa
_cPE-LiUPU
_erda
049 _aPRUA
082 0 4 _a514
_bM93
_221
100 1 _aMunkres, James R.,
_eautor.
245 1 0 _aTopologia /
_c James R. Munkres ; traduccion, Angel Ferrandez Izquierdo . [et al.].
250 _a2a ed.
264 1 _aMadrid :
_bPearson Educación,
_c2002.
300 _axvi, 607 páginas :
_bilustraciones ;
_c24 centímetros
336 _atext
_2rdacontent
337 _aunmediated
_2rdamedia
338 _avolume
_2rdacarrier
500 _aTraducción de: Topology. 2nd ed.
504 _aIncluye bibliografía: p. 583-584.
505 0 _aTopología general -- Teoría de conjuntos y lógica -- Espacios topológicos y funciones cotinuas -- Conexión y compacidad -- Axiomas de separación y numerabilidad -- El teorema de Tychonoff -- Paracompacidad y teoremas de metrización -- Espacios métricos completos y espacios de funciones -- Espacios de Baire y teoría de la dimensión -- Topología algebraica -- El grupo fundamental -- Teoremas de separación en el plano -- El teorema de Seifert-vam Kampen -- Clasificación de superficies -- Clasificación de espacios recubridores -- Aplicaciones a la teoría de grupos.
526 _aSEG44
526 _aSEG26
526 _aP159
526 _aP155
526 _aP154
526 _aP153
526 _aP150
526 _aP100
526 _aP31
526 _aP30
526 _aP26
526 _aP25
526 _aP24
526 _aP22
526 _aP15
526 _aP10
541 _g015-001537;
650 0 4 _aTopología
_xEstudio y enseñanza.
700 1 _aFerrández Izquierdo, Angel,
_etr.
910 _cjck
_d20130530
942 _2ddc
_cBOOK
949 _a514 M93
_wDEWEY
_c1
_i67382
_lCCODEBUL1
_mBUL
_p48.00
_r0
_sY
_tBOOK
_u2015-7-6
_xINGENIERIA
_PP25
_o.STAFF. Colección General
994 _aC0
_bPEPRU
596 _a1
999 _a514 M93
_wDEWEY
_c55051
_i67382
_f2021-11-9
_g7
_lCCODEBUL1
_mBUL
_p48.00
_r0
_sY
_tBOOK
_u2015-7-6
_xINGENIERIA
_PP25
_0COMPRA
_o.STAFF. Colección Ingeniería y Arquitectura
_d55051
980 _81
_gALBERTO SANCHEZ Responsable de Automatización